000 01835nam a2200241Ia 4500
008 260220t1984||||xx |||||||||||||| ||spa||
040 _aPY-SlUNAC
_bspa
_erda
041 _aspa
082 _a541.042 1
_bB347q
100 _aBazán, Julio César
_eAutor
245 0 _aQuímica de sólidos /
_cpor Julio César Bazán [Autor]
264 _aWashington D. C. :
_bOrganización de los Estados Americanos,
_c℗1984.
300 _a1 volumen
520 _aEn "Química de sólidos", Julio César Bazán presenta un análisis exhaustivo de las propiedades y comportamientos químicos de los sólidos, enfatizando su relevancia en diversas aplicaciones tecnológicas y científicas. El autor explora las estructuras cristalinas, el enlace químico y los procesos de transformación de materiales sólidos, proporcionando una base teórica sólida que permite comprender fenómenos como la conductividad eléctrica, la reactividad y la estabilidad térmica. Además, Bazán incluye metodologías experimentales que facilitan el estudio de estos materiales en el laboratorio, promoviendo el desarrollo de habilidades prácticas en los lectores. A lo largo del libro, se discuten ejemplos concretos de compuestos sólidos, así como sus aplicaciones en la industria y la investigación. Este enfoque integral no solo abarca aspectos fundamentales de la química de sólidos, sino que también resalta la interconexión entre la teoría y la práctica, lo que lo convierte en un texto valioso para estudiantes y profesionales en el campo de la química y la ciencia de materiales.
653 _aCiencia de los materiales
653 _aMateriales
653 _aQuímica
942 _b2026/02/17
_cBK
999 _c7867
_d7867